000 00409nam a22001457a 4500
999 _c12106
_d12106
008 220519b 2015 ||||| |||| 00| 0 eng d
020 _a9789383750238
082 _a620
_bTHO
100 _aThombre-Patil, Vinod
245 _aThermal Engineering
_bsecond year diploma course in mechanical engineering
250 _a2nd
260 _aPune
_bNirali Prakashan
_c2015
300 _a1.1 to 6.42p.
942 _cGB